| 000 | 00558nmm a2200181Ia 4500 | ||
|---|---|---|---|
| 008 | 251105s9999||||xx |||||||||||||||||und|| | ||
| 041 | _aspa | ||
| 100 | _aLópez Lucas, Bartolomé | ||
| 245 | 0 | _aAutoCAD 2013 | |
| 264 |
_a[Madrid, España] : _bMinisterio de Educación, Cultura y Deporte de España, _c2014 |
||
| 300 | _a819 páginas | ||
| 490 | _aAula Mentor | ||
| 650 | _aTechnology and computing | ||
| 700 | _aLópez Lucas, Bartolomé | ||
| 700 | 1 | _a Breña Calvo, Víctor | |
| 856 | _uhttps://public.digitaliapublishing.com/a/30263 | ||
| 942 | _cCF | ||
| 999 |
_c67998 _d67998 |
||